|
|
|
|
| LEADER |
01202nam a2200325Ia 4500 |
| 001 |
EBC232195 |
| 003 |
MiAaPQ |
| 005 |
20200520144314.0 |
| 006 |
m o d | |
| 007 |
cr cn||||||||| |
| 008 |
000815s2002 enk s 000 0 eng d |
| 020 |
|
|
|z 0861767209
|
| 035 |
|
|
|a (MiAaPQ)EBC232195
|
| 035 |
|
|
|a (Au-PeEL)EBL232195
|
| 035 |
|
|
|a (CaPaEBR)ebr10052761
|
| 035 |
|
|
|a (CaONFJC)MIL47895
|
| 035 |
|
|
|a (OCoLC)61354624
|
| 040 |
|
|
|a MiAaPQ
|c MiAaPQ
|d MiAaPQ
|
| 050 |
|
4 |
|a HD7795
|b .E78 2002
|
| 245 |
0 |
0 |
|a Equality in employment
|h [electronic resource] :
|b issues and politics /
|c guest editor, Harish Jain.
|
| 260 |
|
|
|a Bradford, England :
|b Emerald Group Publishing,
|c c2002.
|
| 300 |
|
|
|a 125 p.
|
| 490 |
0 |
|
|a International journal of manpower ;
|v v.23, no. 3
|
| 533 |
|
|
|a Electronic reproduction. Ann Arbor, MI : ProQuest, 2015. Available via World Wide Web. Access may be limited to ProQuest affiliated libraries.
|
| 650 |
|
0 |
|a Equal pay for equal work.
|
| 650 |
|
0 |
|a Labor laws and legislation.
|
| 655 |
|
4 |
|a Electronic books.
|
| 700 |
1 |
|
|a Jaina, Harisha.
|
| 710 |
2 |
|
|a ProQuest (Firm)
|
| 856 |
4 |
0 |
|u https://ebookcentral.proquest.com/lib/matrademy/detail.action?docID=232195
|z Click to View
|